000 02101nam a2200241Ia 4500
003 OSt
005 20230907091942.0
008 210210b2012 xxu||||| |||| 00| 0 eng d
020 _a9780143419648
040 _cAL
041 _aeng
082 _a820.301
_223
_bSINL
100 _aRavinder Singh Ed
_9132864
245 _aLove stories that touched my heart
260 _aNew Delhi
_bPenguin Books
_c2012
300 _axii,242p.
_bPB
_c20x13cm.
520 _aWe have all come across the first flush of love and recall the lingering aroma of it. For all ages love remains one of the most congenial experiences for everyone. Mankind has coined various definitions to portray this delightful feeling, yet this little word is a feeling that can’t just be characterized. It must be elaborated as stories romantic tales. The book 'Love Stories That Touched My Heart’ is compilation of those stories that came from readers all over the nation. It is a selection of such stories from readers who have a tale to share and possess a flair for writing. The collection of stories published in this book was selected from over 2000 entries that were submitted in a competition held by Penguin India. It describes all emotions connected with love - anger, frustration, anxiety, eagerness, delicateness and nervous energy. While routing through these emotions, plenty of writers in this treasury takes you through first infatuation, first breakup, love- marriage, love in the second innings, love across decades, love across genders and sexual orientations and love across generations. Nominated and edited by author Ravinder Singh, this anthology is made up of heart touching stories that will make you feel that love is the most spiritual emotion. So if you are romantic enough and love to read tales of romances that yield from the real life, then the book is ideal bet for you. The book is easily available on Amazon India.
650 _aIndian English Fiction
_9132865
650 _aIndian English Literature
_9132866
700 _aSINGH (Ravinder) Ed
_9132867
906 _a067364
942 _2ddc
_cBK
999 _c149732
_d149732